000 00298nam a22001337a 4500
020 _a81-304-0531-8
082 _a425
_bVER/P
100 _aVERMA,GAUTAM
245 _aPROVERBS FOR EVERYDAY LIFE
260 _aDELHI
_bTINY TOT PUBLICATIONS
300 _a160
650 _aPROVERBS
_zDELHI
942 _cBK
999 _c3711
_d3711